000 00323nam a22001217a 4500
008 181127b xxu||||| |||| 00| 0 eng d
041 _aeng
080 _a043.3
100 _a0
101 _aMTH-MBE
245 _aThe Impact of Digitalization of advanced operations on the business network
_cBajraktari, G
942 _2udc
_cBK
999 _c52561
_d52561